000 00866nas a2200277 4500
001 BR0901774
003 BR-BrBNA
005 20231205112632.0
007 ta
008 230509b bl.|||p| |||| 00| 00por d
040 _aBR-BrBNA
_bpor
_cBiblioteca Nacional de Agricultura
041 _a(Pt)
072 _aK10
100 1 _aCeconi, D.E.
100 1 _aPoletto, I.
100 1 _aLovato, T.
100 1 _aSchumacher, M.V.
245 1 _aBiomassa e comprimento de raízes finas em povoamento de Acacia mearnsii de Wild. estabelecido em área degradada por mineração de carvão
650 _aACÁCIA
650 _aPOVOAMENTO FLORESTAL
650 _aBIOMASSA
650 _aIMPACTO AMBIENTAL
773 0 _tFloresta (Brazil)
_xISSN 0015-3826
_g(Jan-Mar 2008), v. 38(1) p. 1-10
_wBR0901774
909 _a202311
_bLúcia
_c55
_dLúcia Elande
942 _2AGRIS
_n0
_cANA
999 _c199096
_d199096